000 01303cam a22003254a 4500
999 _c18141
_d18141
001 13054228
005 20161202155245.0
008 030110s2004 nyuab 001 0 eng
010 _a 2003000440
020 _a1566565103 (pbk.)
040 _aDLC
_cDLC
_dDLC
042 _apcc
043 _ae-it---
050 0 0 _aN6914.P68 2004
_b.P68 2004
082 0 0 _221
100 1 _aMorrow, Ann,
_d1952-
245 1 0 _aItaly :
_bthe essential guide to viewing Italian Renaissance Art /
_cAnn Morrow and John Power ; illustrations by Matt Morrow and Erin Round.
260 _aNew York :
_bInterlink Books,
_c2004.
300 _a311 p. :
_bill. (some col.), maps ;
_c20 cm.
440 0 _aArt for travellers
500 _aIncludes index.
650 0 _aArt, Italian
_vGuidebooks.
650 0 _aArt, Renaissance
_zItaly
_vGuidebooks.
650 0 _aArt, Baroque
_zItaly
_vGuidebooks.
651 0 _aItaly
_vGuidebooks.
700 1 _aPower, John,
_d1951-
906 _a7
_bcbc
_corignew
_d1
_eecip
_f20
_gy-gencatlg
942 _2lcc
_cBOOKS
_hN6914.P68 2004